Statistics for Guess every pre-war Zabranjeno Pušenje song

Click here to take the quiz!

General Stats

  • This quiz has been taken 3 times
  • The average score is 34 of 49

Answer Stats

Album NameAdditional hintSong% Correct
Das ist WalterAbid
100%
Das ist WalterAnarhija all over Bascarsija
100%
Pozdrav iz zemlje SafariBalada o pisonji i zugi
100%
Dok čekaš sabah sa Šejtanom1. dioBas celik 1. dio
100%
Dok čekaš sabah sa Šejtanom2. dioBas celik 2. dio
100%
Dok čekaš sabah sa ŠejtanomBrut
100%
Das ist WalterCejeni odlaze
100%
Dok čekaš sabah sa ŠejtanomDjevojcice kojima mirise koza
100%
Dok čekaš sabah sa ŠejtanomDok cekas sabah sa sejtanom
100%
Pozdrav iz zemlje SafariKako je Velika Britanija postala probuseni dolar
100%
Male priče o velikj ljubaviKanjon Drine
100%
Dok čekaš sabah sa ŠejtanomKazu mi da novog frajera imas
100%
Pozdrav iz zemlje SafariMurga drot
100%
Male priče o velikj ljubaviPisonja i Zuga u paklu droge
100%
Pozdrav iz zemlje SafariName of the song (phrase repeated a lot during the song)Posljedna oaza (u losoj formi sam)
100%
Das ist WalterPut u srediste rudnika Kreka Banovici
100%
Das ist WalterSelena, vrati se, Selena
100%
Pozdrav iz zemlje SafariSrce, ruke i lopata
100%
Dok čekaš sabah sa ŠejtanomStanje soka
100%
Dok čekaš sabah sa ŠejtanomUcini da budem vuk
100%
Das ist WalterDone for a movieUvod (Tema iz filma "Walter brani Sarajevo")
100%
Male priče o velikj ljubaviZvijezda nad Balkanom
100%
Pozdrav iz zemlje SafariDan republike
50%
Pozdrav iz zemlje SafariDobri jarani
50%
Male priče o velikj ljubaviDvanaest sati
50%
Dok čekaš sabah sa ŠejtanomGospoda Brams
50%
Male priče o velikj ljubaviGuzonjin sin
50%
Pozdrav iz zemlje SafariHadzija ili bos
50%
Dok čekaš sabah sa ŠejtanomJa imam kuhinju
50%
Male priče o velikj ljubaviJavi mi
50%
Das ist WalterKino Prvi Maj
50%
Dok čekaš sabah sa ŠejtanomLutka sa naslovne strane
50%
Pozdrav iz zemlje SafariManijak
50%
Pozdrav iz zemlje SafariMeteor
50%
Das ist WalterNecu da budem svabo
50%
Dok čekaš sabah sa ŠejtanomIn FrenchNe me quitte pas
50%
Das ist WalterNot a song, more of a speechPamtim to kao da je bilo danas
50%
Male priče o velikj ljubaviIn ItalianPiccola storia de Grande Amore
50%
Male priče o velikj ljubavi1. dioPklatovi 1. dio
50%
Male priče o velikj ljubavi2. dioPklatovi 2. dio
50%
Dok čekaš sabah sa ŠejtanomRadost prvog zita
50%
Dok čekaš sabah sa ŠejtanomSanjao sam nocas da te imam
50%
Das ist WalterSeki is on the road again
50%
Male priče o velikj ljubaviStraza pored prizrena
50%
Dok čekaš sabah sa ŠejtanomUjka sam
50%
Das ist WalterZenica Blues
50%
Dok čekaš sabah sa ŠejtanomDok jezdis ka Alemanji
0%
Dok čekaš sabah sa ŠejtanomIbro dirka
0%
Dok čekaš sabah sa ŠejtanomNedelja kada je otisao Hase
0%

Score Distribution

Percentile by Number Answered

Percent of People with Each Score

Your Score History

You have not taken this quiz